000 00625cam a22002055a 4500
001 L158535
008 150414s2013 xxk f 000 0 eng d
020 _a9781859464960
035 _a(Sirsi) u158535
041 0 _aeng
050 0 4 _a690
110 2 _aRIBA
245 0 0 _aRiba job book
250 _a9th ed.
260 _aRIBA Publishing, 2013
520 _aRIBA Job Book is the Royal Institute of British Architects' long established and recognised standard reference for running architectural projects and administering construction contracts
521 _aAdvanced
651 4 _aENGLAND AND WALES
942 _n0
999 _c115362
_d115362